| 000 | 00443nam a22001697a 4500 | ||
|---|---|---|---|
| 005 | 20180821134247.0 | ||
| 008 | 160428b xxu||||| |||| 00| 0 eng d | ||
| 020 | _a81-7808038-9 | ||
| 041 | _aeng | ||
| 082 |
_b00567 _a006.6 |
||
| 100 |
_aFoley, James D _9161 |
||
| 245 | _aComputer Graphics: Principles and Practice | ||
| 260 |
_aNew Delhi _bPearson Education, _c2004 |
||
| 300 | _a1174 | ||
| 650 |
_aInformation Technology _9137 |
||
| 942 | _cBK | ||
| 999 |
_c161 _d161 |
||